Central Library OPAC University of Rajshahi

Some aspects of Muslim administration / (Record no. 32803)

MARC details
000 -LEADER
fixed length control field 00845nam a22002657a 4500
001 - CONTROL NUMBER
control field 32803
003 - CONTROL NUMBER IDENTIFIER
rucl marc code BD-RjUL
005 - DATE AND TIME OF LATEST TRANSACTION
control field 20211209051909.0
008 - FIXED-LENGTH DATA ELEMENTS--GENERAL INFORMATION
fixed length control field 140428s1966 ii ab 001 0 eng
035 ## - SYSTEM CONTROL NUMBER
System control number (BD-RjUL)32893
040 ## - CATALOGING SOURCE
Original cataloging agency DLC
Transcribing agency DLC
Language of cataloging eng
Modifying agency BD-RjUL
041 ## - LANGUAGE CODE
Language code of text/sound track or separate title eng
082 ## - DEWEY DECIMAL CLASSIFICATION NUMBER
Classification number 954.029
Author mark and year TRS 1966
100 1# - MAIN ENTRY--PERSONAL NAME
Personal name Tripathi, R. P.
Fuller form of name (Ram Prasad),
Dates associated with a name 1890-
9 (RLIN) 99745
245 10 - TITLE STATEMENT
Title Some aspects of Muslim administration /
Statement of responsibility, etc. R.P. Tripathi.
260 ## - PUBLICATION, DISTRIBUTION, ETC. (IMPRINT)
Place of publication, distribution, etc. Allahabad :
Name of publisher, distributor, etc. Indian Press,
Date of publication, distribution, etc. c1966
300 ## - PHYSICAL DESCRIPTION
Pagination iv, 408 p. ;
Size 21 cm.
504 ## - BIBLIOGRAPHY, ETC. NOTE
Bibliography, etc Includes bibliographical references and index.
651 #0 - SUBJECT ADDED ENTRY--GEOGRAPHIC NAME
Geographic name India
General subdivision Politics and government
Chronological subdivision 997-1765.
9 (RLIN) 77332
830 #0 - SERIES ADDED ENTRY--UNIFORM TITLE
Volume number/sequential designation item 10974.
Uniform title SAMP early 20th-century Indian books project ;
942 ## - ADDED ENTRY ELEMENTS (KOHA)
Source of classification or shelving scheme Dewey Decimal Classification
Koha item type Books
Holdings
Lost status Source of classification or shelving scheme Damaged status Not for loan Collection code Permanent Location Current Location Shelving location Date acquired Source of acquisition Cost, normal purchase price Total Checkouts Full call number Date last seen Copy number Koha item type
  Dewey Decimal Classification     Non-fiction Central Library, University of Rajshahi Central Library, University of Rajshahi   06/12/1955 Alices book cor. 308.12   954.029 TRS 1966 28/04/2014 C-6 Books